Normal view
MARC view
- التفكير-طرق التدريس. العلوم-طرق التدريس. التفكير الإبتكاري
Entry Topical Term
001 - CONTROL NUMBER
- control field: 31693
003 - CONTROL NUMBER IDENTIFIER
- control field: JO-AjAnu
005 - DATE AND TIME OF LATEST TRANSACTION
- control field: 20230606075332.0
008 - FIXED-LENGTH DATA ELEMENTS
- fixed length control field: 230606|| aca||aabn | a|a d
040 ## - CATALOGING SOURCE
- Original cataloging agency: JO-AjAnu
- Transcribing agency: JO-AjAnu
150 ## - HEADING--TOPICAL TERM
- Topical term or geographic name entry element: التفكير-طرق التدريس. العلوم-طرق التدريس. التفكير الإبتكاري
670 ## - SOURCE DATA FOUND
- Source citation: Work cat.: (JO-AjAnu)16273: الفريح،علي أحمد العبدي, author 31692, إستراتيجيات التعليم الحديثة في المراكز الريادية وأثرها على التفكير الإبداعي عند الطلبة